|
|
|
|
| LEADER |
00000nam0a2200000 4500 |
| 001 |
259119 |
| 005 |
20231101233346.0 |
| 010 |
|
|
|a 5283005186
|
| 020 |
|
|
|a RU
|b 88-21371
|
| 035 |
|
|
|a (RuTPU)RU\TPU\book\282030
|
| 090 |
|
|
|a 259119
|
| 100 |
|
|
|a 20140505d1988 m a0rusy5003 ca
|
| 101 |
0 |
|
|a rus
|
| 102 |
|
|
|a RU
|
| 105 |
|
|
|a a j 001zy
|
| 200 |
1 |
|
|a Электровакуумные приборы и основы их конструирования
|e учебник
|f А. Г. Гуртовник, Е. Г. Точинский, Ф. М. Яблонский
|
| 210 |
|
|
|a Москва
|c Энергоатомиздат
|d 1988
|
| 215 |
|
|
|a 424 с.
|c ил.
|
| 320 |
|
|
|a Библиогр.: с. 415 (10 назв.)
|
| 320 |
|
|
|a Предм. указ.: с. 416-420.
|
| 606 |
1 |
|
|a Электровакуумные приборы
|2 stltpush
|3 (RuTPU)RU\TPU\subj\19734
|9 44905
|
| 610 |
1 |
|
|a учебники
|
| 610 |
1 |
|
|a конструирование
|
| 610 |
1 |
|
|a электронная эмиссия
|
| 610 |
1 |
|
|a электронная оптика
|
| 610 |
1 |
|
|a электронные лампы
|
| 610 |
1 |
|
|a фотоэлектронные приборы
|
| 610 |
1 |
|
|a фотокатоды
|
| 610 |
1 |
|
|a электронно-лучевые приборы
|
| 610 |
1 |
|
|a ионные приборы
|
| 610 |
1 |
|
|a разрядники
|
| 675 |
|
|
|a 621.385(075.32)
|z rus
|
| 700 |
|
1 |
|a Гуртовник
|b А. Г.
|g Александр Григорьевич
|
| 701 |
|
1 |
|a Точинский
|b Е. Г.
|g Евгений Георгиевич
|
| 701 |
|
1 |
|a Яблонский
|b Ф. М.
|g Феликс Максимович
|
| 801 |
|
0 |
|a RU
|b RuMRKP
|c 19950417
|g psbo
|
| 801 |
|
1 |
|a RU
|b 63413507
|c 20140505
|
| 801 |
|
2 |
|a RU
|b 63413507
|c 20141117
|g RCR
|
| 942 |
|
|
|c BK
|